000 01143nam0a22002891 4500
001 rc\728830
005 20040301141626.0
035 _a(NLR Aleph) 006259727
090 _a6835744
_c6835744
100 _a20040301d1985 u |0rusy50 ca
101 0 _arus
102 _aRU
105 _aa |||||||||
200 1 _aЭнергетический спектр и оптические свойства сульфида серебра
_fГ.С. Оруджев, Ш.М. Алекперова, Н.Н. Абдулзаде
210 _aБаку
_cСКБИФ
_d1985
215 _a21 с.
_cил.
_d21
225 1 _aПрепринт
_fАН АзССР. Ин-т физики. Лаб. неравновес. электрон. процессов в полупроводниках
_v№ 160
300 _aРез. на англ. яз.
320 _aБиблиогр.: с. 20-21
700 1 _aОруджев
_bГ. С. оглы
_gГусейн Сурхай оглы
701 1 _aАлекперова
_bШ. М.
701 1 _aАбдулзаде
_bН. Н.
801 0 _aRU
_bNLR
_gpsbo
801 1 _aRU
_bELAR
_2rusmarc
852 _aNLR
_j87-4/7090
942 _cBOOK
980 _aNB